Pengurus tanpa hambatan : (Record no. 3455)
[ view plain ]
| 000 -LEADER | |
|---|---|
| fixed length control field | nam a22 a 4500 |
| 003 - CONTROL NUMBER IDENTIFIER | |
| control field | AKMAL |
| 005 - DATE AND TIME OF LATEST TRANSACTION | |
| control field | 20170523090344.0 |
| 008 - FIXED-LENGTH DATA ELEMENTS--GENERAL INFORMATION | |
| fixed length control field | 170523s1993 my a00 may d |
| 020 ## - INTERNATIONAL STANDARD BOOK NUMBER | |
| International Standard Book Number | 9836230033 (kkt.): |
| Terms of availability | RM 18.00 |
| 040 ## - CATALOGING SOURCE | |
| Original cataloging agency | AKMAL |
| Transcribing agency | AKMAL |
| 041 1# - LANGUAGE CODE | |
| Language code of text/sound track or separate title | may |
| Language code of original | ind |
| -- | eng |
| 049 ## - LOCAL HOLDINGS (OCLC) | |
| Holding library | mal |
| 082 04 - DEWEY DECIMAL CLASSIFICATION NUMBER | |
| Classification number | 658.409 WOO |
| 090 00 - LOCALLY ASSIGNED LC-TYPE CALL NUMBER (OCLC); LOCAL CALL NUMBER (RLIN) | |
| Classification number (OCLC) (R) ; Classification number, CALL (RLIN) (NR) | 658.409 |
| Local cutter number (OCLC) ; Book number/undivided call number, CALL (RLIN) | WOO |
| 090 20 - LOCALLY ASSIGNED LC-TYPE CALL NUMBER (OCLC); LOCAL CALL NUMBER (RLIN) | |
| Classification number (OCLC) (R) ; Classification number, CALL (RLIN) (NR) | 658.409 |
| Local cutter number (OCLC) ; Book number/undivided call number, CALL (RLIN) | WOO |
| 100 1# - MAIN ENTRY--PERSONAL NAME | |
| Personal name | Woodcock, Mike |
| 9 (RLIN) | 6944 |
| 245 10 - TITLE STATEMENT | |
| Title | Pengurus tanpa hambatan : |
| Remainder of title | suatu panduan praktis bagi kemajuan diri / |
| Statement of responsibility, etc. | Mike Woodcock dan Dave Francis ; [diterjemahkan ke bahasa Indonesia oleh C. Woekirsari ; diubahsuai ke bahasa Melayu Asiah Daud] |
| 260 ## - PUBLICATION, DISTRIBUTION, ETC. | |
| Place of publication, distribution, etc. | Kuala Lumpur : |
| Name of publisher, distributor, etc. | Dewan Bahasa dan Pustaka, |
| Date of publication, distribution, etc. | 1993 |
| 300 ## - PHYSICAL DESCRIPTION | |
| Extent | x, 332ms. : |
| Other physical details | il. ; |
| Dimensions | 22cm |
| 500 ## - GENERAL NOTE | |
| General note | Terjemahan dari: The unblocked manager : a practical guide to self development. - England : Gower Pub., 1982. |
| 504 ## - BIBLIOGRAPHY, ETC. NOTE | |
| Bibliography, etc. note | Mengandungi bibliografi dan indeks |
| 650 ## - SUBJECT ADDED ENTRY--TOPICAL TERM | |
| Topical term or geographic name entry element | Executives |
| 9 (RLIN) | 5963 |
| 650 ## - SUBJECT ADDED ENTRY--TOPICAL TERM | |
| Topical term or geographic name entry element | Executive ability |
| 9 (RLIN) | 1222 |
| 650 ## - SUBJECT ADDED ENTRY--TOPICAL TERM | |
| Topical term or geographic name entry element | Success |
| 9 (RLIN) | 2 |
| 700 1# - ADDED ENTRY--PERSONAL NAME | |
| Personal name | Francis, Dave |
| 9 (RLIN) | 6945 |
| 700 1# - ADDED ENTRY--PERSONAL NAME | |
| Personal name | Woekirsari, C. |
| 9 (RLIN) | 6946 |
| 700 0# - ADDED ENTRY--PERSONAL NAME | |
| Personal name | Asiah Daud |
| 9 (RLIN) | 6947 |
| 942 ## - ADDED ENTRY ELEMENTS (KOHA) | |
| Source of classification or shelving scheme | |
| Koha item type | Book |
| Withdrawn status | Lost status | Source of classification or shelving scheme | Damaged status | Not for loan | Collection code | Home library | Current library | Date acquired | Inventory number | Total Checkouts | Full call number | Barcode | Date last seen | Price effective from | Koha item type |
|---|---|---|---|---|---|---|---|---|---|---|---|---|---|---|---|
| NON-FICTION | AKMAL Melaka | AKMAL Melaka | 23.05.2017 | 001739 | 658.409 WOO | 201704422 | 23.05.2017 | 23.05.2017 | Book |
